Ramayana 2 (Record no. 8823)
[ view plain ]
| 000 -LEADER | |
|---|---|
| fixed length control field | 01018nam a22002297a 4500 |
| 003 - CONTROL NUMBER IDENTIFIER | |
| control field | OSt |
| 005 - DATE AND TIME OF LATEST TRANSACTION | |
| control field | 20260310024247.0 |
| 008 - FIXED-LENGTH DATA ELEMENTS--GENERAL INFORMATION | |
| fixed length control field | 260310b |||||||| |||| 00| 0 eng d |
| 020 ## - INTERNATIONAL STANDARD BOOK NUMBER | |
| International Standard Book Number | 81-7862-068-5 |
| 040 ## - CATALOGING SOURCE | |
| Original cataloging agency | DWCL GS lib |
| Transcribing agency | OC |
| 082 ## - DEWEY DECIMAL CLASSIFICATION NUMBER | |
| Edition number | In39r 2002 |
| 100 ## - MAIN ENTRY--PERSONAL NAME | |
| Personal name | INDIAN MYTHOLOGY |
| 245 ## - TITLE STATEMENT | |
| Title | Ramayana 2 |
| 260 ## - PUBLICATION, DISTRIBUTION, ETC. | |
| Place of publication, distribution, etc. | New Delhi |
| Name of publisher, distributor, etc. | Sterling Press Private Limited |
| Date of publication, distribution, etc. | 2002 |
| 300 ## - PHYSICAL DESCRIPTION | |
| Extent | vii, 78 pages: |
| Other physical details | illustrations |
| Dimensions | 22 cm |
| 504 ## - BIBLIOGRAPHY, ETC. NOTE | |
| Bibliography, etc. note | Valmiki. Ramayana. Translated by R. K. Narayan, Penguin Books, 1972, Valmiki. (1972). Ramayana (R. K. Narayan, Trans.). Penguin Books. |
| 520 ## - SUMMARY, ETC. | |
| Summary, etc. | The Ramayana is an ancient Indian epic traditionally attributed to Valmiki. It tells the story of Rama, a prince of Ayodhya, and his journey to rescue his wife Sita from the demon king Ravana. |
| 546 ## - LANGUAGE NOTE | |
| Language note | English |
| 650 ## - SUBJECT ADDED ENTRY--TOPICAL TERM | |
| Source of heading or term | Duty and Obedience, Loyalty and Faithfulness, Brotherly Love |
| 650 ## - SUBJECT ADDED ENTRY--TOPICAL TERM | |
| Source of heading or term | Respect and Obedience to Parents, Faithfulness and Loyalty, Devotion and Service |
| 942 ## - ADDED ENTRY ELEMENTS (KOHA) | |
| Source of classification or shelving scheme | Dewey Decimal Classification |
| Koha item type | Fiction |
| Classification part | Fic. |
| Suppress in OPAC | No |
No items available.